Elizabeth lyrics Ghost - Statistics

General Stats
  • This quiz has been taken 65 times
  • The average score is 109 of 144
Answer Stats
lyrics % Correct
the
97%
Elizabeth
94%
of
94%
for
90%
in
90%
a
87%
her
87%
my
87%
so
87%
an
84%
castle
84%
soul
84%
was
84%
where
84%
and
81%
blood
81%
she
81%
your
81%
skies
77%
death
74%
evil
74%
forever
74%
moonlight
74%
old
74%
one
74%
Underneath
74%
us
74%
with
74%
woman
74%
young
74%
black
71%
heart
71%
pure
71%
still
71%
to
71%
you're
71%
alive
68%
bathe
68%
cold
68%
eyes
68%
fresh
68%
makes
68%
pact
68%
satan
68%
virgins
68%
buried
65%
emotionless
65%
lust
65%
ancient
61%
chasm
61%
countess
61%
cruelty
61%
earth
61%
killed
61%
our
61%
will
61%
acts
58%
drenched
58%
mankind
58%
ice
55%
Piercing
55%
barren
52%
desires
52%
lands
52%
peasant
52%
refused
52%
she'd
52%
these
52%
Bathorii
32%
dispisal
32%
hungerian
32%
own
26%
No matching quizzes found
Score Distribution
Percent of People with Each Score
Percentile by Number Answered
Your Score History
You have not taken this quiz